000 00390nam a2200133Ia 4500
005 20260328101455.0
008 260328s9999||||xx |||||||||||||| ||und||
100 _aIzembart, Helene
245 0 _aWaterscapes :
_b El tratamiento de Aguas residuales mediante Sistemas vegetales /
_cHelene Izembart
260 _bGustavo Gili
300 _a192 p.
650 _aARQUITECTURA Y CLIMA
942 _cBK
999 _c8789
_d8789